<?xml version="1.0" encoding="UTF-8"?><marc:collection xmlns:marc="http://www.loc.gov/MARC21/slim">
  <marc:record>
    <marc:leader>00000cas  2200000za 4500</marc:leader>
    <marc:controlfield tag="001">9.505896</marc:controlfield>
    <marc:controlfield tag="003">CaOODSP</marc:controlfield>
    <marc:controlfield tag="005">20260213152731</marc:controlfield>
    <marc:controlfield tag="007">cr |||||||||||</marc:controlfield>
    <marc:controlfield tag="008">150406c20079999mbcar p o    f0   a0eng|d</marc:controlfield>
    <marc:datafield tag="022" ind1=" " ind2=" ">
      <marc:subfield code="a">1925-2153</marc:subfield>
    </marc:datafield>
    <marc:datafield tag="040" ind1=" " ind2=" ">
      <marc:subfield code="a">CaOODSP</marc:subfield>
      <marc:subfield code="b">eng</marc:subfield>
    </marc:datafield>
    <marc:datafield tag="043" ind1=" " ind2=" ">
      <marc:subfield code="a">n-cn---</marc:subfield>
    </marc:datafield>
    <marc:datafield tag="086" ind1="1" ind2=" ">
      <marc:subfield code="a">A120-14E-PDF</marc:subfield>
    </marc:datafield>
    <marc:datafield tag="222" ind1=" " ind2="0">
      <marc:subfield code="a">AgriStability and AgriInvest Program</marc:subfield>
    </marc:datafield>
    <marc:datafield tag="245" ind1="0" ind2="0">
      <marc:subfield code="a">AgriStability and AgriInvest Program </marc:subfield>
      <marc:subfield code="h">[electronic resource] : </marc:subfield>
      <marc:subfield code="b">corporation/co-operative and special individual - harmonized form and guide.</marc:subfield>
    </marc:datafield>
    <marc:datafield tag="246" ind1="1" ind2="3">
      <marc:subfield code="a">AgriStability and AgriInvest Program : </marc:subfield>
      <marc:subfield code="b">corporation/co-operative and special individual harmonized guide</marc:subfield>
      <marc:subfield code="f">2019-</marc:subfield>
    </marc:datafield>
    <marc:datafield tag="246" ind1="3" ind2="3">
      <marc:subfield code="i">Issues 2024- have title: </marc:subfield>
      <marc:subfield code="a">AgriStability and AgriInvest programs : </marc:subfield>
      <marc:subfield code="b">corporation/co-operative and special individual harmonized guide</marc:subfield>
    </marc:datafield>
    <marc:datafield tag="246" ind1="3" ind2="7">
      <marc:subfield code="a">AgriStability and AgriInvest Program guide</marc:subfield>
    </marc:datafield>
    <marc:datafield tag="246" ind1="3" ind2="7">
      <marc:subfield code="a">AgriStability and AgriInvest programs guide </marc:subfield>
      <marc:subfield code="f">2024-</marc:subfield>
    </marc:datafield>
    <marc:datafield tag="260" ind1=" " ind2=" ">
      <marc:subfield code="a">[Winnipeg] : </marc:subfield>
      <marc:subfield code="b">[Agriculture and Agri-Food Canada] </marc:subfield>
    </marc:datafield>
    <marc:datafield tag="310" ind1=" " ind2=" ">
      <marc:subfield code="a">Annual</marc:subfield>
    </marc:datafield>
    <marc:datafield tag="362" ind1="1" ind2=" ">
      <marc:subfield code="a">Began with 2007.</marc:subfield>
    </marc:datafield>
    <marc:datafield tag="500" ind1=" " ind2=" ">
      <marc:subfield code="a">Issued also in French under title: Programmes d'Agri-stabilité et d'Agri-investissement en ... </marc:subfield>
    </marc:datafield>
    <marc:datafield tag="520" ind1="3" ind2=" ">
      <marc:subfield code="a">Explains how to complete the enclosed Harmonized AgriStability and AgriInvest form. You can choose to participate in AgriInvest only, AgriStability only, or both programs together, depending on the business risk management needs of your farm.</marc:subfield>
    </marc:datafield>
    <marc:datafield tag="530" ind1=" " ind2=" ">
      <marc:subfield code="a">Issued also in printed form.</marc:subfield>
    </marc:datafield>
    <marc:datafield tag="692" ind1="0" ind2="7">
      <marc:subfield code="2">gccst</marc:subfield>
      <marc:subfield code="a">Agricultural assistance</marc:subfield>
    </marc:datafield>
    <marc:datafield tag="692" ind1="0" ind2="7">
      <marc:subfield code="2">gccst</marc:subfield>
      <marc:subfield code="a">Federal programs</marc:subfield>
    </marc:datafield>
    <marc:datafield tag="710" ind1="1" ind2=" ">
      <marc:subfield code="a">Canada. </marc:subfield>
      <marc:subfield code="b">Agriculture and Agri-Food Canada.</marc:subfield>
    </marc:datafield>
    <marc:datafield tag="775" ind1="0" ind2="8">
      <marc:subfield code="t">Programmes d'Agri-stabilité et d'Agri-investissement en … </marc:subfield>
      <marc:subfield code="w">(CaOODSP)9.502299</marc:subfield>
    </marc:datafield>
    <marc:datafield tag="776" ind1="0" ind2="#">
      <marc:subfield code="t">AgriStability and AgriInvest Program : </marc:subfield>
      <marc:subfield code="w">(CaOODSP)9.515658</marc:subfield>
    </marc:datafield>
  </marc:record>
</marc:collection>
